MDQL
is popping MORE tags! Check the
thread
!
Quizzes
Events
Quiz Creation
Community
Videos
Private Events
Remove Ads
Sign In
Join for FREE
Feedback
Dark Mode
Quiz Categories
Sports
Geography
Music
Movies
Television
Just For Fun
Miscellaneous
History
Literature
Language
Science
Gaming
Entertainment
Religion
Holiday
For Kids
Quiz Lab
Recent
Popular Today
Quiz Kudos Today
Editor Picks
Curator Picks
Quizzes by...
Day
Popularity
Type
Ratings
Length
Year
Community
Subscriptions
Recent Discussions
Orange Saloon
Badges
Playlists
Quests
Create
Leaderboards
Showdown
Live 5
Trivia Bingo
Activity
Puzzle Library
Sporcle Events
Private Events
Virtual Trivia
Globe League
Become a Host
Pub Owners
SporcleCon
Opinionation
Our Games
Videos
Blog
Mobile Apps
Partnerships
Remove Ads and Go Orange
Feedback
Just For Fun
Clickable
Get the Picture
Humor
Quick Pick
Word Ladder
Missing Word
Mixed Word
Blitz
Minefield
This or That
Alphabet
Color
Typing
Sporcle
Puzzle
Word Play
Follow That Line
Logic
Just For Fun
Clickable
Get the Picture
Humor
Quick Pick
Word Ladder
Missing Word
Mixed Word
Blitz
Minefield
This or That
Alphabet
Color
Typing
Sporcle
Puzzle
Word Play
Follow That Line
Logic
Random Quiz
Search Sporcle
×
Quiz Lab
Quiz Lab
Just For Fun
Board Games
Type in answers that appear in a list
Type in answers that appear in a list
Classic
Best Score? Go Orange.
Stars Winners (Easier) Stats
Can you name the Stars Winners (Easier)?
By
surstromming
5m
55 Questions
608 Plays
608 Plays
608 Plays
Comments
Comments
Give Quiz Kudos
Give Quiz Kudos
-
- Ratings
hide this ad
Replay
Link that replays current quiz
Next Quiz
Link to next quiz in quiz playlist
You Got
0%
They Got
Avg Score
45%
Avg Friend Score
Upgrade to see
Score Distribution
Jump to the score distribution portion of the page
Score
0/55
Timer
05:00
0
Plays Today
Stars Game
% Correct
Stars 15
Emmaleigh
80.8%
Stars 24
Emmaleigh
80.8%
Stars 33
Emmaleigh
80.8%
Stars 38
Maggie
70.2%
Stars 42
Maggie
70.2%
Stars 34
TheGreatXL
66.8%
Stars 41
TheGreatXL
66.8%
Stars 3
Kathreya
64.3%
Stars 1
Grayson10001
63.2%
Stars 8
NoelSarah
60.5%
Stars 13
NoelSarah
60.5%
Stars 16
Lexxu
56.9%
Stars 46
Uskyld
53.6%
Stars 47
WillyEx
53.6%
Stars 2
Chels05
51.6%
Stars 5
Daisy
51%
Stars 7
Lockie
50.8%
Stars 4
Richpaca
50%
Stars 17
Alegeeter
49.7%
Stars 25
BioDork
49.7%
Stars 27
IAmPaxton
49.7%
Stars 44
lonlee
49.3%
Stars 28
EnragedBeauty
49.2%
Stars 45
xexplosive
49.2%
Stars 39
surstromming
48.7%
Stars 40
mikedistanz
48.2%
Stars 22
phanne
48%
Stars 31
JJJJ
47.4%
Stars Game
% Correct
Stars 9
jakel0vespickler
46.7%
Stars 14
jakel0vespickler
46.7%
Stars 43
Jazz
46.2%
Stars 20
Alisowned
45.7%
Stars 6
storm
39.8%
Stars 37
karim
39.5%
Stars 12
Chris99x
38.5%
Stars 29
Genevere
37.5%
Stars 10
Pogo11
37%
Stars 11
Jensa101
36.3%
Stars 19
AndyShields
36%
Stars 30
xxJaym
35.4%
Stars 21
knixuk
34.9%
Stars 18
oleary91
34.2%
Stars 26
EssexGirl
34.2%
Stars 35
LillyXoXo
33.7%
Stars 23
girlracer265
32.6%
Stars 32
OliviaSofie
32.1%
Stars 36
RObbyROb
30.8%
Stars 55
Kaffreya
27.1%
Stars 53
BengalBoy
24.3%
Stars 48
skeeet
22.7%
Stars 54
BlackWidow
22.5%
Stars 52
BlueStar
22.2%
Stars 51
cheznahuf
21.9%
Stars 50
Crystall
21.4%
Stars 49
AntNikiaBonnie
21.2%
Quiz Playlist
Details
Report
Send in Message
Add To Playlist
Classic:
Type in answers that appear in a list
Last Updated: Feb 16, 2017
Quiz Scoreboard
CHALLENGE
Sign Up to Join the Scoreboard
Show All
Scores
Hide
Comments
May contain spoilers
Recently Published
Find the 'City' Movie
by crazypaving
Movies
60s
5x2 Blitz: Bands
by SL_Kpop136
Music
30s
Colored Red Africa Blitz
by spor1
Geography
30s
More to Explore
Quiz From the Vault
Featured Blog Post
14 Easter Pick-up Lines to Find Eggs With
hide this ad
You Might Also Like...
Tags
Board Games Quiz
Dancing with the Stars
Easier
star
Winner
Today's Top Quizzes in Just For Fun
Browse Just For Fun
hide this ad
Today's Top Quizzes in Board Games
Browse Board Games
Top Contributed Quizzes in Just For Fun
1
Avatar the Last Airbender: Logic Puzzle
2
Name Just One - 10 to 1: Just For Fun
3
Missing Word: 2-Letter A-Z II
4
Missing Letter Whitney Houston Songs
5
Survivor Winners Logic Puzzle
6
Shadowhunters Protagonists Logic Quiz
7
Quick 5-Color Logic (18)
8
Medium Renzoku Puzzle 11
9
It's Magic / Witchcraft 🎩🪄🧙♀️
10
Killer Double Trees 224 - Colour Match-Up
Explore More
Trending Topics
Harry Potter
NBA
Kpop
Marvel
Disney
Anime
Crossword
Puzzle
WWE
Country
The Office
Soccer
NFL
Song
Pokémon
hide this ad
More By:
surstromming
Quiz
Plays
Rating
Category
Featured
Created
Stars Winners (Easier)
608
1.80
Just For Fun
Oct 13, 2009
Tengaged Alliances (and members)
249
5.00
Just For Fun
Oct 13, 2009
Name all the black levels!
238
4.00
Just For Fun
Oct 22, 2009
Tengaged Stars Finalists
160
5.00
Just For Fun
Oct 13, 2009
Go to Creator's Profile
Score Distribution
Quiz Creator Spotlight
surstromming
Follow
Send a Message
Quizzes Created
-
Created Quiz Play Count
-
More By This Creator
Popular Quizzes Today
1
Colored Red Africa Blitz
2
Find the 'City' Movie
3
Find the US States - No Outlines Minefield
4
5x2 Blitz: Bands
5
The Countries of the World
6
Find the US States
7
Find the Countries of Europe - No Outlines Minefield
8
US States
More Just For Fun Quizzes
Missing Word: ABC Shows (1970s)
Published
Trending Quizzes
Colored Red Europe Blitz I
Colored Red Africa Blitz II
Colored Red Europe Blitz II
Colored Red Africa Blitz III
Colored Red Europe Blitz III
Recently Updated
How Do You Spell That?
pecheneg
Godzilla Movies
pecheneg
Grab Bag: 4-10 Letters
pecheneg
2024 March Madness Bracket
pecheneg
Famous TV Couples
Peacemaker
Champions League XIs: Real Madrid
pecheneg
Largest US Cities 1790-2010
pecheneg
Rides in Walt Disney World
pecheneg
Most Oscar Losses (Acting)
pecheneg
Beyoncé Albums
pecheneg
Trending Topics
Harry Potter
Disney
Marvel
Kpop
Anime
Crossword
NBA
NFL
Song
Puzzle
Country
Pokémon
WWE
The Office
Soccer
Your Account Isn't Verified!
In order to create a playlist on Sporcle, you need to verify the email address you used during registration. Go to your
Sporcle Settings
to finish the process.
Report this User
Report this user for behavior that violates our
Community Guidelines
.
Details:
Send Report
Go to the Sporcle.com Mobile Site →
Comments